| 000 | 00846nam a2200241Ia 4500 | ||
|---|---|---|---|
| 001 | 1145 | ||
| 003 | GE_BSU | ||
| 008 | 181216s||||||||xx |||||||||||||| ||und|| | ||
| 040 | _cGE_BSU | ||
| 080 | _a630(075.8) | ||
| 100 | _aგულისაშვილი,ვ. | ||
| 245 | _aზოგადი მეტყევეობა. წ.1. | ||
| 245 | _bსახელმძღვანელო სას–სამ.ინ–ტის სტუდენტებისათვის. | ||
| 250 | _aმე–2–შევს და გად.გამოც | ||
| 260 | _aთბილისი | ||
| 260 | _bგანათლება | ||
| 260 | _c1974 | ||
| 300 | _a350 გვ. 26 სმ. | ||
| 541 | _h12 ლ. | ||
| 653 | _aზოგადი მეტყევეობა | ||
| 653 | _aმეტყევეობა | ||
| 942 | _cBK | ||
| 999 |
_c35295 _d35295 |
||